Welcome to the Holygrace Academy Library

Please use search bar below to get started

COMPACT OXFORD THESAURUS (Record no. 2028)

MARC details
000 -LEADER
fixed length control field 00349nam a22001457a 4500
020 ## - INTERNATIONAL STANDARD BOOK NUMBER
ISBN 978-0-19-966440-5
082 ## - DEWEY DECIMAL CLASSIFICATION NUMBER
Classification number 030
Item number WAI/C
100 ## - MAIN ENTRY--AUTHOR NAME
Personal name WAITE, MAURICE
245 ## - TITLE STATEMENT
Title COMPACT OXFORD THESAURUS
250 ## - EDITION STATEMENT
Edition statement THIRD REVISED EDITION
260 ## - PUBLICATION, DISTRIBUTION, ETC. (IMPRINT)
Place of publication DELHI
Name of publisher OXFORD UNIVERSITY PRESS
Year of publication 2012
300 ## - PHYSICAL DESCRIPTION
Number of Pages 935
650 ## - SUBJECT ADDED ENTRY--TOPICAL TERM
Topical Term THESAURUS
Geographic subdivision INDIA
942 ## - ADDED ENTRY ELEMENTS (KOHA)
Koha item type Books
Holdings
Withdrawn status Lost status Collection code Home library Current library Shelving location Date acquired Source of acquisition Full call number Accession Number Koha item type
    Reference Main Library Main Library SHELF 1 F -DICTIONARY,THEASAURUS 04/12/2013 purchase 030 WAI/C 07487 Books